Поверхностная энергия и жидкометаллическая хрупкость олова; Известия Томского политехнического университета [Известия ТПУ]; Т. 315, № 2: Математика и механика. Физика
| Parent link: | Известия Томского политехнического университета [Известия ТПУ]/ Томский политехнический университет (ТПУ).— , 2000- Т. 315, № 2: Математика и механика. Физика.— 2009.— [С. 123-127] |
|---|---|
| Autore principale: | |
| Altri autori: | |
| Riassunto: | Заглавие с титульного листа Электронная версия печатной публикации На основе расчетов, экспериментальных и литературных данных анализируется роль уменьшения межфазной поверхностной энергии под действием расплава при возникновении жидкометаллической хрупкости твердой фазы. Показано, что в рассматриваемом явлении понижение поверхностной энергии в контакте с расплавом играет лишь второстепенную роль, обеспечивая доставку жидкой фазы в вершину трещины. Сделан вывод, что причиной жидкометаллической хрупкости является диффузия атомов активного компонента по дефектам структуры деформируемого металла, которая приводит к локальному понижению точки плавления материала, образованию там жидкой фазы, зарождению и росту трещины. |
| Lingua: | russo |
| Pubblicazione: |
2009
|
| Serie: | Математика и механика. Физика |
| Soggetti: | |
| Accesso online: | http://www.lib.tpu.ru/fulltext/v/Bulletin_TPU/2009/v315/i2/28.pdf |
| Natura: | MixedMaterials Elettronico Capitolo di libro |
| KOHA link: | https://koha.lib.tpu.ru/cgi-bin/koha/opac-detail.pl?biblionumber=176674 |
MARC
| LEADER | 00000nla2a2200000 4500 | ||
|---|---|---|---|
| 001 | 176674 | ||
| 005 | 20231031165351.0 | ||
| 035 | |a (RuTPU)RU\TPU\book\191566 | ||
| 035 | |a RU\TPU\book\191448 | ||
| 090 | |a 176674 | ||
| 100 | |a 20100303d2009 k y0rusy50 ca | ||
| 101 | 0 | |a rus | |
| 102 | |a RU | ||
| 135 | |a drnn ---uucaa | ||
| 181 | 0 | |a i | |
| 182 | 0 | |a b | |
| 200 | 1 | |a Поверхностная энергия и жидкометаллическая хрупкость олова |b Электронный ресурс |f А. П. Савицкий, Л. С. Марцунова | |
| 203 | |a Текст |c электронный | ||
| 215 | |a 1 файл (301 Кб) | ||
| 225 | 1 | |a Математика и механика. Физика | |
| 230 | |a Электронные текстовые данные (1 файл : 301 Кб) | ||
| 300 | |a Заглавие с титульного листа | ||
| 300 | |a Электронная версия печатной публикации | ||
| 320 | |a [Библиогр.: с. 127 (18 назв.)] | ||
| 330 | |a На основе расчетов, экспериментальных и литературных данных анализируется роль уменьшения межфазной поверхностной энергии под действием расплава при возникновении жидкометаллической хрупкости твердой фазы. Показано, что в рассматриваемом явлении понижение поверхностной энергии в контакте с расплавом играет лишь второстепенную роль, обеспечивая доставку жидкой фазы в вершину трещины. Сделан вывод, что причиной жидкометаллической хрупкости является диффузия атомов активного компонента по дефектам структуры деформируемого металла, которая приводит к локальному понижению точки плавления материала, образованию там жидкой фазы, зарождению и росту трещины. | ||
| 337 | |a Adobe Reader | ||
| 461 | 1 | |0 (RuTPU)RU\TPU\book\176237 |t Известия Томского политехнического университета [Известия ТПУ] |f Томский политехнический университет (ТПУ) |d 2000- | |
| 463 | 1 | |0 (RuTPU)RU\TPU\book\191065 |x 1684-8519 |t Т. 315, № 2: Математика и механика. Физика |v [С. 123-127] |d 2009 |p 215 с. | |
| 610 | 1 | |a жидкометаллическая хрупкость | |
| 610 | 1 | |a пластифицирование | |
| 610 | 1 | |a поверхностная энергия | |
| 610 | 1 | |a твердое тело | |
| 610 | 1 | |a расплавы | |
| 610 | 1 | |a диффузия | |
| 610 | 1 | |a трещины | |
| 610 | 1 | |a электронный ресурс | |
| 700 | 1 | |a Савицкий |b А. П. | |
| 701 | 1 | |a Марцунова |b Л. С. | |
| 801 | 1 | |a RU |b 63413507 |c 20090623 |g PSBO | |
| 801 | 2 | |a RU |b 63413507 |c 20211216 |g PSBO | |
| 856 | 4 | |u http://www.lib.tpu.ru/fulltext/v/Bulletin_TPU/2009/v315/i2/28.pdf | |
| 942 | |c CF | ||